书目信息 |
| 题名: |
维珍创始人亲笔自传
|
|
| 作者: | 布兰森 著 ;屈艳梅 , 蓝莲 译 | |
| 分册: | ||
| 出版信息: | 北京 北京日报出版社 2022.03 |
|
| 页数: | XIV, 513页 | |
| 开本: | 22cm | |
| 丛书名: | ||
| 单 册: | ||
| 中图分类: | K835.615.38=6 , K835.615.38 | |
| 科图分类: | ||
| 主题词: | 企业家--qi ye jia--传记--英国--现代 | |
| 电子资源: | ||
| ISBN: | 978-7-5477-4163-4 | |
| 000 | 01807nam0 2200313 450 | |
| 001 | 27384 | |
| 005 | 20220923100915.44 | |
| 010 | @a978-7-5477-4163-4@dCNY69.90 | |
| 100 | @a20220517d2022 em y0chiy50 ea | |
| 101 | 1 | @achi@ceng |
| 102 | @aCN@b110000 | |
| 105 | @ay z 000ya | |
| 200 | 1 | @a维珍创始人亲笔自传@Awei zhen chuang shi ren qin bi zi zhuan@e理查德·布兰森疯狂冒险、疯狂成功的60年@f(英) 理查德·布兰森著@d= Losing my virginity@ehow i survived, had fun, and made a fortune doing business my way@fRichard Branson@g屈艳梅, 蓝莲译@zeng |
| 210 | @a北京@c北京日报出版社@d2022.03 | |
| 215 | @aXIV, 513页@d22cm | |
| 300 | @a读客 | |
| 314 | @a理查德·布兰森, 英国最大私有企业维珍集团的创始人兼董事长。 | |
| 330 | @a他的人生堪称传奇, 怕是小说也不敢这么写! 他患有严重的阅读障碍症, 高中辍学办杂志、卖唱片, 4英镑白手起家, 23岁就成为百万富翁! 他创立的维珍商业帝国更是横跨航空、铁路、饮料等400多个行业、34个国家! 海湾战争期间, 他飞往伊拉克解救国际人质 ; 37岁时试图打破世界纪录, 驾驶热气球飞越大西洋, 差点坠毁, 几乎送了命! 他驾驶坦克进入纽约时代广场 ; 驾驶快艇横渡大西洋 ; 71岁成功飞入太空! 他曾75次死里逃生, 他的人生就是一次又一次的疯狂冒险, 一次又一次的疯狂成功! | |
| 500 | 10 | @aLosing my virginity : how i survived, had fun, and made a fortune doing business my way@mChinese |
| 517 | 1 | @a理查德·布兰森疯狂冒险、疯狂成功的60年@Ali cha de · bu lan sen feng kuang mao xian 、 feng kuang cheng gong de 60 nian |
| 600 | 1 | @a布兰森@Abu lan sen@g(Branson, Richard),@f1950-@x传记 |
| 606 | 0 | @a企业家@Aqi ye jia@x传记@y英国@z现代 |
| 690 | @aK835.615.38=6@v5 | |
| 690 | @aK835.615.38@v4 | |
| 701 | 1 | @a布兰森@Abu lan sen@g(Branson, Richard)@4著 |
| 702 | 0 | @a屈艳梅@Aqu yan mei@4译 |
| 702 | 0 | @a蓝莲@Alan lian@4译 |
| 801 | 0 | @aCN@c20220910 |
| 905 | @a河南城建学院图书馆@dK835.615.38@eB982@f2 | |
| 维珍创始人亲笔自传:理查德·布兰森疯狂冒险、疯狂成功的60年/(英) 理查德·布兰森著= Losing my virginity:how i survived, had fun, and made a fortune doing business my way/Richard Branson/屈艳梅, 蓝莲译.-北京:北京日报出版社,2022.03 |
| XIV, 513页;22cm |
| 读客 |
| ISBN 978-7-5477-4163-4:CNY69.90 |
| 他的人生堪称传奇, 怕是小说也不敢这么写! 他患有严重的阅读障碍症, 高中辍学办杂志、卖唱片, 4英镑白手起家, 23岁就成为百万富翁! 他创立的维珍商业帝国更是横跨航空、铁路、饮料等400多个行业、34个国家! 海湾战争期间, 他飞往伊拉克解救国际人质 ; 37岁时试图打破世界纪录, 驾驶热气球飞越大西洋, 差点坠毁, 几乎送了命! 他驾驶坦克进入纽约时代广场 ; 驾驶快艇横渡大西洋 ; 71岁成功飞入太空! 他曾75次死里逃生, 他的人生就是一次又一次的疯狂冒险, 一次又一次的疯狂成功! |
| ● |
| 相关链接 |
|
|
|
正题名:维珍创始人亲笔自传
索取号:K835.615.38/B982
 
预约/预借
| 序号 | 登录号 | 条形码 | 馆藏地/架位号 | 状态 | 备注 |
| 1 | 1579425 | 215794255 | 社科库309/309社科库 102排3列3层/ [索取号:K835.615.38/B982] | 在馆 | |
| 2 | 1579426 | 215794264 | 社科库309/309社科库 102排3列3层/ [索取号:K835.615.38/B982] | 在馆 |